LEADER 03251oas 2201189 a 450 001 9910143934003321 005 20251105213014.0 011 $a1873-782X 035 $a(DE-599)ZDB2017194-8 035 $a(DE-599)2017194-8 035 $a(OCoLC)38840808 035 $a(CONSER) 2003233316 035 $a(CKB)954925520664 035 $a(EXLCZ)99954925520664 100 $a19980324a19769999 sy a 101 0 $aeng 135 $aurmnu|||||||| 181 $ctxt$2rdacontent 182 $cc$2rdamedia 183 $acr$2rdacarrier 200 10$aComputers & education 210 $aExeter $cElsevier Science 300 $aRefereed/Peer-reviewed 311 08$a0360-1315 330 2 $a"Computers & Education aims to increase knowledge and understanding of ways in which digital technology can enhance education, through the publication of high-quality research, which extends theory and practice."--Publisher 517 3 $aComputers and education 517 1 $aComputers educ 606 $aEducation$xData processing$vPeriodicals 606 $aEducation$xData processing$xPeriodicals 606 $aComputer-assisted instruction 606 $aEducation 606 $aComputers 606 $aComputer-Assisted Instruction 606 $aE?ducation$xInformatique$xPe?riodiques 606 $aE?ducation$xInformatique$vPe?riodiques 606 $aOrdinateurs 606 $aEnseignement assiste? par ordinateur 606 $acomputers$2aat 606 $aComputer-assisted instruction$2fast$3(OCoLC)fst00872725 606 $aEducation$xData processing$2fast$3(OCoLC)fst00902579 608 $aPeriodical. 608 $aPeriodicals.$2fast 608 $aPeriodicals.$2lcgft 615 0$aEducation$xData processing 615 0$aEducation$xData processing$xPeriodicals. 615 0$aComputer-assisted instruction. 615 2$aEducation. 615 2$aComputers. 615 2$aComputer-Assisted Instruction. 615 6$aE?ducation$xInformatique$xPe?riodiques. 615 6$aE?ducation$xInformatique 615 6$aOrdinateurs. 615 6$aEnseignement assiste? par ordinateur. 615 7$acomputers. 615 7$aComputer-assisted instruction. 615 7$aEducation$xData processing. 801 0$bOH1 801 1$bOH1 801 2$bOCL 801 2$bOCLCQ 801 2$bGUA 801 2$bOCLCQ 801 2$bVRC 801 2$bU9S 801 2$bGUA 801 2$bOCLCQ 801 2$bCUD 801 2$bOCLCQ 801 2$bOCLCO 801 2$bOCLCQ 801 2$bMYG 801 2$bOCLCO 801 2$bOCLCQ 801 2$bOCLCO 801 2$bOCLCF 801 2$bOCLCO 801 2$bOCLCQ 801 2$bNJR 801 2$bNLE 801 2$bOCLCO 801 2$bAU@ 801 2$bOCLCO 801 2$bWYU 801 2$bUKMGB 801 2$bOCLCO 801 2$bOCLCA 801 2$bU3W 801 2$bVT2 801 2$bOCLCO 801 2$bOCLCA 801 2$bFUG 801 2$bOCLCO 801 2$bOCL 801 2$bOCLCQ 801 2$bUAB 801 2$bQGK 801 2$bAUD 801 2$bOCLCQ 906 $aJOURNAL 912 $a9910143934003321 996 $aComputers & education$91901628 997 $aUNINA